00795 a2200193 4500003000500000005001700005040000900022082001000031100001800041245005500059260001900114300001000133505026900143538003300412650002400445942001200469999001900481952010100500Nust20170207153454.0 cNust a910.9 aSmith,Webster aSome Triumphs of Modern ExplorationcWebster Smith aIndiabBlackie a223:P aIn and Around Lhasa (Page-15), The Conquest of Roraima (Page-51), Sir John Murray (Page-71), Perseverance Peary (Page-104), In Indian Borderlands (Page-148), Adventures of the Duke (Page-165), The Attainment of the North Pole (Page-192), Dr. Thoroddsen (Page-215), aAlmirah No.53 and Shelf No.6 a Modern Exploration 2ddccBK c187005d187005 00102ddc40708NFICaMCSbMCSd2016-12-12l0o910.9 SMIpMCS29005r2016-12-08w2016-12-12yBK